[Event "English Schools Championship Final 2024"]
[Site "Nottingham University Kings Meadow Campus, United Kingdom"]
[Date "2024.06.27"]
[Round "2.34"]
[White "Gupta, Leonardo"]
[Black "Khan, Raayaan"]
[Result "1/2-1/2"]
[TimeControl "G50' + 10\" per move."]
[WhiteFideId "343430988"]
[WhiteElo "1617"]
[BlackElo "1690"]

1. e4 {[%clk 00:49:59]} {[%emt 00:00:20]} e5 {[%clk 00:50:14]} {[%emt
00:00:07]} 2. Nf3 {[%clk 00:49:54]} {[%emt 00:00:15]} Nc6 {[%clk 00:50:21]}
{[%emt 00:00:03]} 3. d4 {[%clk 00:49:39]} {[%emt 00:00:24]} exd4 {[%clk
00:50:22]} {[%emt 00:00:09]} 4. Nxd4 {[%clk 00:49:34]} {[%emt 00:00:15]} Bb4+
{[%clk 00:50:22]} {[%emt 00:00:10]} 5. c3 {[%clk 00:48:35]} {[%emt 00:01:09]}
Ba5 {[%clk 00:50:12]} {[%emt 00:00:20]} 6. Be2 {[%clk 00:47:16]} {[%emt
00:01:29]} Qh4 {[%clk 00:47:20]} {[%emt 00:03:02]} 7. O-O {[%clk 00:44:28]}
{[%emt 00:02:59]} Qxe4 {[%clk 00:46:05]} {[%emt 00:01:24]} 8. Bf3 {[%clk
00:43:24]} {[%emt 00:01:14]} Qg6 {[%clk 00:44:47]} {[%emt 00:01:29]} 9. Re1+
{[%clk 00:39:51]} {[%emt 00:03:42]} Nge7 {[%clk 00:44:26]} {[%emt 00:00:31]} 10.
Nxc6 {[%clk 00:38:49]} {[%emt 00:01:11]} dxc6 {[%clk 00:43:46]} {[%emt
00:00:49]} 11. Qb3 {[%clk 00:34:57]} {[%emt 00:04:03]} Bb6 {[%clk 00:42:18]}
{[%emt 00:01:39]} 12. Bf4 {[%clk 00:33:11]} {[%emt 00:01:56]} Be6 {[%clk
00:40:39]} {[%emt 00:01:49]} 13. c4 {[%clk 00:29:37]} {[%emt 00:03:44]} O-O-O
{[%clk 00:39:02]} {[%emt 00:01:47]} 14. Bg3 {[%clk 00:22:02]} {[%emt 00:07:45]}
h5 {[%clk 00:34:51]} {[%emt 00:04:22]} 15. Be4 {[%clk 00:18:36]} {[%emt
00:03:36]} Qg5 {[%clk 00:31:47]} {[%emt 00:03:13]} 16. h4 {[%clk 00:15:15]}
{[%emt 00:03:32]} Qc5 {[%clk 00:29:21]} {[%emt 00:02:35]} 17. Qa3 {[%clk
00:11:38]} {[%emt 00:03:47]} Qxa3 {[%clk 00:23:51]} {[%emt 00:05:39]} 18. Nxa3
{[%clk 00:11:36]} {[%emt 00:00:13]} Rd2 {[%clk 00:21:33]} {[%emt 00:02:28]} 19.
b4 {[%clk 00:10:27]} {[%emt 00:01:19]} Bd4 {[%clk 00:20:04]} {[%emt 00:01:39]}
20. Rad1 {[%clk 00:09:36]} {[%emt 00:01:00]} Rxa2 {[%clk 00:17:06]} {[%emt
00:03:08]} 21. Rxd4 {[%clk 00:09:26]} {[%emt 00:00:21]} Rxa3 {[%clk 00:17:04]}
{[%emt 00:00:11]} 22. Red1 {[%clk 00:09:22]} {[%emt 00:00:15]} Nf5 {[%clk
00:16:31]} {[%emt 00:00:44]} 23. Bxf5 {[%clk 00:08:53]} {[%emt 00:00:39]} Bxf5
{[%clk 00:16:28]} {[%emt 00:00:11]} 24. Be5 {[%clk 00:07:51]} {[%emt 00:01:13]}
f6 {[%clk 00:14:54]} {[%emt 00:01:44]} 25. Bf4 {[%clk 00:07:57]} {[%emt
00:00:04]} Re8 {[%clk 00:14:16]} {[%emt 00:00:47]} 26. Be3 {[%clk 00:07:55]}
{[%emt 00:00:13]} Rb3 {[%clk 00:12:45]} {[%emt 00:01:42]} 27. c5 {[%clk
00:07:36]} {[%emt 00:00:28]} Rb1 {[%clk 00:11:46]} {[%emt 00:01:08]} 28. Rxb1
{[%clk 00:06:09]} {[%emt 00:01:38]} Bxb1 {[%clk 00:11:44]} {[%emt 00:00:11]} 29.
g4 {[%clk 00:05:11]} {[%emt 00:01:09]} Re4 {[%clk 00:11:02]} {[%emt 00:00:53]}
30. Rxe4 {[%clk 00:05:03]} {[%emt 00:00:18]} Bxe4 {[%clk 00:10:58]} {[%emt
00:00:13]} 31. gxh5 {[%clk 00:05:06]} {[%emt 00:00:07]} Bf3 {[%clk 00:10:53]}
{[%emt 00:00:15]} 32. h6 {[%clk 00:05:07]} {[%emt 00:00:09]} gxh6 {[%clk
00:10:39]} {[%emt 00:00:24]} 33. Bxh6 {[%clk 00:05:10]} {[%emt 00:00:07]} Kd7
{[%clk 00:09:39]} {[%emt 00:01:10]} 34. Kh2 {[%clk 00:05:05]} {[%emt 00:00:15]}
f5 {[%clk 00:09:37]} {[%emt 00:00:11]} 35. Kg3 {[%clk 00:05:08]} {[%emt
00:00:07]} Bg4 {[%clk 00:07:46]} {[%emt 00:02:02]} 36. Be3 {[%clk 00:05:07]}
{[%emt 00:00:11]} Ke6 {[%clk 00:06:53]} {[%emt 00:01:03]} 37. Kf4 {[%clk
00:05:03]} {[%emt 00:00:14]} Kf6 {[%clk 00:06:07]} {[%emt 00:00:56]} 38. Bd4+
{[%clk 00:03:51]} {[%emt 00:01:21]} Kg6 {[%clk 00:05:51]} {[%emt 00:00:27]} 39.
Ke3 {[%clk 00:03:37]} {[%emt 00:00:24]} b6 {[%clk 00:05:19]} {[%emt 00:00:42]}
40. Be5 {[%clk 00:03:22]} {[%emt 00:00:25]} bxc5 {[%clk 00:04:46]} {[%emt
00:00:41]} 41. bxc5 {[%clk 00:03:30]} {[%emt 00:00:04]} a5 {[%clk 00:04:51]}
{[%emt 00:00:06]} 42. Kd3 {[%clk 00:03:28]} {[%emt 00:00:11]} a4 {[%clk
00:04:52]} {[%emt 00:00:09]} 43. Kc3 {[%clk 00:03:37]} {[%emt 00:00:01]} Kh5
{[%clk 00:04:54]} {[%emt 00:00:08]} 44. Bg3 {[%clk 00:03:45]} {[%emt 00:00:02]}
Be2 {[%clk 00:04:54]} {[%emt 00:00:10]} 45. Kb4 {[%clk 00:03:50]} {[%emt
00:00:04]} Bb5 {[%clk 00:04:53]} {[%emt 00:00:11]} 46. Bxc7 {[%clk 00:03:53]}
{[%emt 00:00:08]} Kxh4 {[%clk 00:05:00]} {[%emt 00:00:03]} 47. f4 {[%clk
00:03:58]} {[%emt 00:00:04]} Kg4 {[%clk 00:05:06]} {[%emt 00:00:05]} 48. Be5
{[%clk 00:04:05]} {[%emt 00:00:03]} Kf3 {[%clk 00:05:14]} {[%emt 00:00:02]} 49.
Bd6 {[%clk 00:04:06]} {[%emt 00:00:09]} Ke3 {[%clk 00:05:21]} {[%emt 00:00:03]}
50. Ka3 {[%clk 00:04:06]} {[%emt 00:00:09]} Kd4 {[%clk 00:05:24]} {[%emt
00:00:08]} 51. Be7 {[%clk 00:04:12]} {[%emt 00:00:04]} Kd5 {[%clk 00:05:16]}
{[%emt 00:00:19]} 52. Bd6 {[%clk 00:04:17]} {[%emt 00:00:04]} Kc4 {[%clk
00:05:17]} {[%emt 00:00:09]} 53. Be7 {[%clk 00:04:24]} {[%emt 00:00:03]} Kc3
{[%clk 00:05:24]} {[%emt 00:00:03]} 54. Bd6 {[%clk 00:04:31]} {[%emt 00:00:02]}
Kd4 {[%clk 00:05:32]} {[%emt 00:00:02]} 55. Be7 {[%clk 00:04:40]} {[%emt
00:00:02]} Kd3 {[%clk 00:05:40]} {[%emt 00:00:02]} 56. Bd6 {[%clk 00:04:48]}
{[%emt 00:00:02]} 1/2-1/2

[Event "English Schools Championship Final 2024"]
[Site "Nottingham University Kings Meadow Campus, United Kingdom"]
[Date "2024.06.27"]
[Round "2.35"]
[White "Wilkinson, Hugo"]
[Black "Botgros, Alex"]
[Result "0-1"]
[TimeControl "G50' + 10\" per move."]
[WhiteElo "1553"]
[BlackElo "1700"]

1. e4 {[%clk 00:50:15]} {[%emt 00:00:04]} c6 {[%clk 00:50:18]} {[%emt
00:00:03]} 2. d4 {[%clk 00:50:16]} {[%emt 00:00:09]} d5 {[%clk 00:50:25]}
{[%emt 00:00:03]} 3. Bd3 {[%clk 00:50:10]} {[%emt 00:00:16]} dxe4 {[%clk
00:50:23]} {[%emt 00:00:12]} 4. Bxe4 {[%clk 00:50:04]} {[%emt 00:00:15]} Nf6
{[%clk 00:50:09]} {[%emt 00:00:24]} 5. Qe2 {[%clk 00:49:44]} {[%emt 00:00:30]}
Qxd4 {[%clk 00:48:26]} {[%emt 00:01:54]} 6. Bd3 {[%clk 00:49:47]} {[%emt
00:00:07]} Bg4 {[%clk 00:47:06]} {[%emt 00:01:30]} 7. Nf3 {[%clk 00:49:20]}
{[%emt 00:00:37]} Qd8 {[%clk 00:44:44]} {[%emt 00:02:32]} 8. h3 {[%clk
00:48:27]} {[%emt 00:01:03]} Bh5 {[%clk 00:44:24]} {[%emt 00:00:29]} 9. Bg5
{[%clk 00:48:07]} {[%emt 00:00:30]} e6 {[%clk 00:43:12]} {[%emt 00:01:22]} 10.
Nc3 {[%clk 00:47:58]} {[%emt 00:00:19]} Be7 {[%clk 00:42:05]} {[%emt 00:01:17]}
11. O-O-O {[%clk 00:46:51]} {[%emt 00:01:18]} Nd5 {[%clk 00:40:32]} {[%emt
00:01:43]} 12. Bxe7 {[%clk 00:45:22]} {[%emt 00:01:37]} Qxe7 {[%clk 00:40:23]}
{[%emt 00:00:21]} 13. Nxd5 {[%clk 00:43:50]} {[%emt 00:01:39]} cxd5 {[%clk
00:40:18]} {[%emt 00:00:18]} 14. g4 {[%clk 00:43:19]} {[%emt 00:00:41]} Bg6
{[%clk 00:40:08]} {[%emt 00:00:19]} 15. Ne5 {[%clk 00:42:12]} {[%emt 00:01:18]}
Bxd3 {[%clk 00:38:30]} {[%emt 00:01:48]} 16. Rxd3 {[%clk 00:40:59]} {[%emt
00:01:22]} Nc6 {[%clk 00:37:45]} {[%emt 00:00:56]} 17. Nxc6 {[%emt 00:00:54]}
bxc6 {[%clk 00:37:32]} {[%emt 00:00:20]} 18. Rc3 {[%clk 00:39:24]} {[%emt
00:01:03]} Rc8 {[%clk 00:34:28]} {[%emt 00:03:14]} 19. Qa6 {[%clk 00:38:36]}
{[%emt 00:00:59]} Qc7 {[%clk 00:34:24]} {[%emt 00:00:14]} 20. Ra3 {[%clk
00:37:05]} {[%emt 00:01:41]} O-O {[%clk 00:33:24]} {[%emt 00:01:09]} 21. Qxa7
{[%clk 00:35:41]} {[%emt 00:01:34]} Qd6 {[%clk 00:32:29]} {[%emt 00:01:06]} 22.
Rf1 {[%clk 00:33:49]} {[%emt 00:02:01]} c5 {[%clk 00:29:37]} {[%emt 00:03:03]}
23. Qa6 {[%clk 00:32:27]} {[%emt 00:01:32]} Qf4+ {[%clk 00:29:12]} {[%emt
00:00:35]} 24. Kb1 {[%clk 00:32:08]} {[%emt 00:00:29]} c4 {[%clk 00:28:56]}
{[%emt 00:00:26]} 25. Qa5 {[%clk 00:28:52]} {[%emt 00:03:26]} d4 {[%clk
00:27:41]} {[%emt 00:01:24]} 26. Qe1 {[%clk 00:27:11]} {[%emt 00:01:51]} Rfd8
{[%clk 00:27:33]} {[%emt 00:00:18]} 27. Qc1 {[%clk 00:25:37]} {[%emt 00:01:45]}
Qe4 {[%clk 00:25:59]} {[%emt 00:01:44]} 28. f3 {[%clk 00:23:40]} {[%emt
00:02:06]} Qd5 {[%clk 00:25:05]} {[%emt 00:01:04]} 29. Qf4 {[%clk 00:22:14]}
{[%emt 00:01:36]} e5 {[%clk 00:24:39]} {[%emt 00:00:36]} 30. Qe4 {[%clk
00:21:40]} {[%emt 00:00:44]} Qb5 {[%clk 00:22:16]} {[%emt 00:02:33]} 31. Re1
{[%clk 00:21:00]} {[%emt 00:00:51]} d3 {[%clk 00:21:13]} {[%emt 00:01:13]} 32.
cxd3 {[%clk 00:20:32]} {[%emt 00:00:36]} cxd3 {[%clk 00:20:59]} {[%emt
00:00:26]} 33. Rb3 {[%clk 00:19:27]} {[%emt 00:01:14]} Qa5 {[%clk 00:18:51]}
{[%emt 00:02:18]} 34. Qb4 {[%clk 00:17:27]} {[%emt 00:02:09]} Qd5 {[%clk
00:15:32]} {[%emt 00:03:29]} 35. Qd2 {[%clk 00:14:49]} {[%emt 00:02:48]} Qxf3
{[%clk 00:13:19]} {[%emt 00:02:23]} 36. Rxe5 {[%clk 00:12:51]} {[%emt
00:02:07]} Qxh3 {[%clk 00:11:04]} {[%emt 00:02:26]} 37. Rc3 {[%clk 00:11:45]}
{[%emt 00:01:17]} Rxc3 {[%clk 00:10:21]} {[%emt 00:00:53]} 38. bxc3 {[%clk
00:11:34]} {[%emt 00:00:20]} h6 {[%clk 00:09:31]} {[%emt 00:01:01]} 39. Re3
{[%clk 00:09:46]} {[%emt 00:01:56]} Qh1+ {[%clk 00:08:52]} {[%emt 00:00:50]} 40.
Qc1 {[%clk 00:08:53]} {[%emt 00:01:04]} Rb8+ {[%clk 00:08:46]} {[%emt
00:00:16]} 41. Ka1 {[%clk 00:08:45]} {[%emt 00:00:19]} Qxc1# {[%clk 00:08:52]}
{[%emt 00:00:03]} 0-1

[Event "English Schools Championship Final 2024"]
[Site "Nottingham University Kings Meadow Campus, United Kingdom"]
[Date "2024.06.27"]
[Round "2.36"]
[White "Li, Yuanxi"]
[Black "Fielding, James"]
[Result "1-0"]
[TimeControl "G50' + 10\" per move."]
[WhiteFideId "483192"]
[WhiteElo "1601"]
[BlackElo "1521"]

1. c4 {[%clk 00:50:18]} {[%emt 00:00:02]} c5 {[%clk 00:50:04]} {[%emt
00:00:14]} 2. Nf3 {[%clk 00:50:26]} {[%emt 00:00:04]} Nc6 {[%clk 00:49:41]}
{[%emt 00:00:31]} 3. g3 {[%clk 00:49:57]} {[%emt 00:00:41]} g6 {[%clk
00:49:32]} {[%emt 00:00:19]} 4. Bg2 {[%clk 00:50:03]} {[%emt 00:00:04]} Bg7
{[%clk 00:49:21]} {[%emt 00:00:16]} 5. O-O {[%clk 00:50:11]} {[%emt 00:00:07]}
Nf6 {[%clk 00:49:22]} {[%emt 00:00:08]} 6. Nc3 {[%clk 00:49:59]} {[%emt
00:00:22]} O-O {[%clk 00:49:18]} {[%emt 00:00:14]} 7. a3 {[%clk 00:50:04]}
{[%emt 00:00:06]} d6 {[%clk 00:48:43]} {[%emt 00:00:44]} 8. Rb1 {[%clk
00:49:51]} {[%emt 00:00:23]} Bf5 {[%clk 00:46:09]} {[%emt 00:02:35]} 9. d3
{[%clk 00:49:44]} {[%emt 00:00:26]} a6 {[%clk 00:44:46]} {[%emt 00:01:34]} 10.
b4 {[%clk 00:48:53]} {[%emt 00:01:01]} Rb8 {[%clk 00:41:52]} {[%emt 00:03:03]}
11. bxc5 {[%clk 00:44:02]} {[%emt 00:05:01]} dxc5 {[%clk 00:41:42]} {[%emt
00:00:20]} 12. Na4 {[%clk 00:43:22]} {[%emt 00:00:50]} Qa5 {[%clk 00:37:46]}
{[%emt 00:04:04]} 13. Nb6 {[%clk 00:37:18]} {[%emt 00:06:16]} Nd7 {[%clk
00:34:29]} {[%emt 00:03:27]} 14. Bd2 {[%clk 00:32:24]} {[%emt 00:05:05]} Bc3
{[%clk 00:28:24]} {[%emt 00:06:14]} 15. Bxc3 {[%clk 00:27:27]} {[%emt
00:05:07]} Qxc3 {[%clk 00:28:24]} {[%emt 00:00:11]} 16. Qc1 {[%clk 00:25:15]}
{[%emt 00:02:21]} Qxc1 {[%clk 00:27:56]} {[%emt 00:00:39]} 17. Rfxc1 {[%clk
00:25:23]} {[%emt 00:00:01]} Nxb6 {[%clk 00:27:44]} {[%emt 00:00:23]} 18. Rxb6
{[%clk 00:25:26]} {[%emt 00:00:07]} Rfc8 {[%clk 00:24:20]} {[%emt 00:03:33]} 19.
Rcb1 {[%clk 00:24:34]} {[%emt 00:01:02]} Rc7 {[%clk 00:22:53]} {[%emt
00:01:36]} 20. Nd2 {[%clk 00:22:38]} {[%emt 00:02:08]} Nd4 {[%clk 00:14:56]}
{[%emt 00:08:07]} 21. Kf1 {[%clk 00:19:48]} {[%emt 00:03:00]} Bg4 {[%clk
00:12:53]} {[%emt 00:02:13]} 22. f3 {[%clk 00:17:59]} {[%emt 00:01:59]} Bd7
{[%clk 00:12:14]} {[%emt 00:00:48]} 23. Rxa6 {[%clk 00:16:14]} {[%emt
00:01:55]} Bc6 {[%clk 00:08:29]} {[%emt 00:03:55]} 24. Rab6 {[%clk 00:12:19]}
{[%emt 00:04:06]} Nc2 {[%clk 00:08:11]} {[%emt 00:00:28]} 25. Nb3 {[%clk
00:11:06]} {[%emt 00:01:23]} Ne3+ {[%clk 00:06:47]} {[%emt 00:01:34]} 26. Kf2
{[%clk 00:10:24]} {[%emt 00:00:52]} Nxg2 {[%clk 00:06:33]} {[%emt 00:00:23]} 27.
Kxg2 {[%clk 00:10:32]} {[%emt 00:00:02]} Ra8 {[%clk 00:05:33]} {[%emt
00:01:11]} 28. Nxc5 {[%clk 00:10:01]} {[%emt 00:00:39]} Bxf3+ {[%clk 00:05:38]}
{[%emt 00:00:06]} 29. Kxf3 {[%clk 00:10:05]} {[%emt 00:00:06]} Rxc5 {[%clk
00:05:42]} {[%emt 00:00:06]} 30. R1b3 {[%clk 00:09:24]} {[%emt 00:00:51]} Raa5
{[%clk 00:04:53]} {[%emt 00:01:00]} 31. R6b5 {[%clk 00:08:36]} {[%emt
00:00:58]} Rf5+ {[%clk 00:03:53]} {[%emt 00:01:09]} 32. Rxf5 {[%clk 00:08:19]}
{[%emt 00:00:27]} Rxf5+ {[%clk 00:04:01]} {[%emt 00:00:03]} 33. Kg2 {[%clk
00:07:33]} {[%emt 00:00:56]} Ra5 {[%clk 00:03:53]} {[%emt 00:00:17]} 34. Rxb7
{[%clk 00:07:11]} {[%emt 00:00:31]} Rxa3 {[%clk 00:04:00]} {[%emt 00:00:04]} 35.
Rxe7 {[%clk 00:07:09]} {[%emt 00:00:12]} Kf8 {[%clk 00:04:07]} {[%emt
00:00:03]} 36. Re3 {[%clk 00:06:38]} {[%emt 00:00:41]} f5 {[%clk 00:04:07]}
{[%emt 00:00:11]} 37. Kf2 {[%clk 00:06:37]} {[%emt 00:00:10]} Kf7 {[%clk
00:04:10]} {[%emt 00:00:07]} 38. d4 {[%clk 00:04:37]} {[%emt 00:02:10]} Ra4
{[%clk 00:04:18]} {[%emt 00:00:02]} 39. Rc3 {[%clk 00:04:29]} {[%emt 00:00:19]}
Ke6 {[%clk 00:04:20]} {[%emt 00:00:07]} 40. Kf3 {[%clk 00:04:19]} {[%emt
00:00:21]} g5 {[%clk 00:04:18]} {[%emt 00:00:12]} 41. h4 {[%clk 00:03:47]}
{[%emt 00:00:42]} g4+ {[%clk 00:04:19]} {[%emt 00:00:08]} 42. Kf4 {[%clk
00:03:55]} {[%emt 00:00:03]} h6 {[%clk 00:04:28]} 43. h5 {[%clk 00:03:51]}
{[%emt 00:00:13]} Rb4 {[%clk 00:04:34]} {[%emt 00:00:04]} 44. d5+ {[%clk
00:03:50]} {[%emt 00:00:12]} Kf6 {[%clk 00:04:26]} {[%emt 00:00:17]} 45. d6
{[%clk 00:03:27]} {[%emt 00:00:33]} Ke6 {[%clk 00:03:03]} {[%emt 00:01:33]} 46.
d7 {[%clk 00:03:31]} {[%emt 00:00:06]} Kxd7 {[%clk 00:02:57]} {[%emt 00:00:16]}
47. Kxf5 {[%clk 00:03:39]} {[%emt 00:00:02]} Rb2 {[%clk 00:02:54]} {[%emt
00:00:13]} 48. e3 {[%clk 00:03:19]} {[%emt 00:00:30]} Kd6 {[%clk 00:02:40]}
{[%emt 00:00:25]} 49. Kxg4 {[%clk 00:03:21]} {[%emt 00:00:07]} Kc5 {[%clk
00:02:43]} {[%emt 00:00:07]} 50. e4 {[%clk 00:02:42]} {[%emt 00:00:50]} Rf2
{[%clk 00:02:36]} {[%emt 00:00:17]} 51. e5 {[%clk 00:02:07]} {[%emt 00:00:44]}
Kd4 {[%clk 00:02:15]} {[%emt 00:00:30]} 52. Rf3 {[%clk 00:01:39]} {[%emt
00:00:38]} Rxf3 {[%clk 00:02:11]} {[%emt 00:00:15]} 53. Kxf3 {[%clk 00:01:46]}
{[%emt 00:00:02]} Kxe5 {[%clk 00:02:17]} {[%emt 00:00:04]} 1-0

[Event "English Schools Championship Final 2024"]
[Site "Nottingham University Kings Meadow Campus, United Kingdom"]
[Date "2024.06.27"]
[Round "2.37"]
[White "Tombolis, Christopher"]
[Black "Dias, Savin"]
[Result "1/2-1/2"]
[TimeControl "G50' + 10\" per move."]
[WhiteFideId "433691"]
[BlackFideId "442399"]
[WhiteElo "2088"]
[BlackElo "2084"]

1. d4 {[%clk 00:50:18]} {[%emt 00:36:02]} Nf6 {[%clk 00:50:16]} {[%emt
00:00:04]} 2. c4 {[%clk 00:50:22]} {[%emt 00:00:06]} e6 {[%clk 00:50:21]}
{[%emt 00:00:05]} 3. Nc3 {[%clk 00:50:25]} {[%emt 00:00:07]} Bb4 {[%clk
00:50:25]} {[%emt 00:00:06]} 4. e3 {[%clk 00:50:32]} {[%emt 00:00:03]} O-O
{[%clk 00:49:37]} {[%emt 00:00:58]} 5. Nge2 {[%clk 00:50:38]} {[%emt 00:00:04]}
b6 {[%clk 00:49:29]} {[%emt 00:00:17]} 6. a3 {[%clk 00:50:44]} {[%emt
00:00:05]} Be7 {[%clk 00:49:23]} {[%emt 00:00:16]} 7. Nf4 {[%clk 00:49:52]}
{[%emt 00:01:03]} Bb7 {[%clk 00:49:10]} {[%emt 00:00:22]} 8. Bd3 {[%clk
00:49:57]} {[%emt 00:00:04]} d6 {[%clk 00:46:09]} {[%emt 00:03:11]} 9. O-O
{[%clk 00:48:36]} {[%emt 00:01:32]} e5 {[%clk 00:42:15]} {[%emt 00:04:04]} 10.
Nfd5 {[%clk 00:47:20]} {[%emt 00:01:26]} Nbd7 {[%clk 00:39:32]} {[%emt
00:02:53]} 11. b4 {[%clk 00:41:39]} {[%emt 00:05:51]} Re8 {[%clk 00:29:29]}
{[%emt 00:10:13]} 12. Bb2 {[%clk 00:33:44]} {[%emt 00:08:06]} Bf8 {[%clk
00:27:45]} {[%emt 00:01:54]} 13. Nxf6+ {[%clk 00:32:05]} {[%emt 00:01:49]} Nxf6
{[%clk 00:27:36]} {[%emt 00:00:19]} 14. d5 {[%clk 00:31:58]} {[%emt 00:00:17]}
e4 {[%clk 00:24:30]} {[%emt 00:03:16]} 15. Bc2 {[%clk 00:29:57]} {[%emt
00:02:11]} Bc8 {[%clk 00:20:45]} {[%emt 00:03:55]} 16. Ba4 {[%clk 00:23:14]}
{[%emt 00:06:54]} Bd7 {[%clk 00:20:48]} {[%emt 00:00:07]} 17. Bxd7 {[%clk
00:21:25]} {[%emt 00:01:58]} Qxd7 {[%clk 00:20:41]} {[%emt 00:00:17]} 18. Nb5
{[%clk 00:20:36]} {[%emt 00:00:59]} a6 {[%clk 00:17:20]} {[%emt 00:03:31]} 19.
Nd4 {[%clk 00:19:04]} {[%emt 00:01:42]} Re5 {[%clk 00:14:09]} {[%emt 00:03:21]}
20. Ne2 {[%clk 00:19:13]} {[%emt 00:00:01]} Rg5 {[%clk 00:13:30]} {[%emt
00:00:49]} 21. Bxf6 {[%clk 00:16:39]} {[%emt 00:02:44]} gxf6 {[%clk 00:13:37]}
{[%emt 00:00:03]} 22. f4 {[%clk 00:12:04]} {[%emt 00:04:45]} exf3 {[%clk
00:12:37]} {[%emt 00:01:11]} 23. Rxf3 {[%clk 00:12:07]} {[%emt 00:00:07]} Bg7
{[%clk 00:12:28]} {[%emt 00:00:19]} 24. Ng3 {[%clk 00:10:46]} {[%emt 00:01:30]}
Re8 {[%clk 00:10:21]} {[%emt 00:02:18]} 25. Qd3 {[%clk 00:09:51]} {[%emt
00:01:05]} Ree5 {[%clk 00:07:43]} {[%emt 00:02:48]} 26. Raf1 {[%clk 00:09:29]}
{[%emt 00:00:32]} Rg6 {[%clk 00:07:07]} {[%emt 00:00:46]} 27. Nf5 {[%clk
00:09:01]} {[%emt 00:00:39]} Qe8 {[%clk 00:06:02]} {[%emt 00:01:14]} 28. Rf4
{[%clk 00:05:57]} {[%emt 00:03:13]} Bh6 {[%clk 00:05:31]} {[%emt 00:00:42]} 29.
Nxh6+ {[%clk 00:06:05]} {[%emt 00:00:02]} Rxh6 {[%clk 00:05:34]} {[%emt
00:00:06]} 30. R1f3 {[%clk 00:04:49]} {[%emt 00:01:27]} Kg7 {[%clk 00:05:04]}
{[%emt 00:00:40]} 1/2-1/2

[Event "English Schools Championship Final 2024"]
[Site "Nottingham University Kings Meadow Campus, United Kingdom"]
[Date "2024.06.27"]
[Round "2.38"]
[White "Leslie, Alex"]
[Black "Zhao, Haolin"]
[Result "1-0"]
[TimeControl "G50' + 10\" per move."]
[WhiteFideId "452505"]
[BlackFideId "428680"]
[WhiteElo "2159"]
[BlackElo "1968"]

1. d4 {[%clk 00:49:57]} {[%emt 00:00:21]} Nf6 {[%clk 00:50:09]} {[%emt
00:00:11]} 2. c4 {[%clk 00:49:59]} {[%emt 00:00:07]} e6 {[%clk 00:50:12]}
{[%emt 00:00:07]} 3. Nf3 {[%clk 00:50:01]} {[%emt 00:00:08]} Bb4+ {[%clk
00:50:14]} {[%emt 00:00:09]} 4. Nbd2 {[%clk 00:50:00]} {[%emt 00:00:12]} Nc6
{[%clk 00:48:54]} {[%emt 00:01:30]} 5. a3 {[%clk 00:49:11]} {[%emt 00:00:59]}
Bxd2+ {[%clk 00:48:45]} {[%emt 00:00:19]} 6. Qxd2 {[%clk 00:48:36]} {[%emt
00:00:44]} O-O {[%clk 00:46:08]} {[%emt 00:02:48]} 7. e3 {[%clk 00:46:24]}
{[%emt 00:02:22]} d6 {[%clk 00:43:35]} {[%emt 00:02:44]} 8. b4 {[%clk
00:44:36]} {[%emt 00:01:56]} a5 {[%clk 00:38:07]} {[%emt 00:05:39]} 9. b5
{[%clk 00:43:41]} {[%emt 00:01:05]} Nb8 {[%clk 00:38:01]} {[%emt 00:00:16]} 10.
Bb2 {[%clk 00:42:12]} {[%emt 00:01:37]} Nbd7 {[%clk 00:37:00]} {[%emt
00:01:13]} 11. Be2 {[%clk 00:40:46]} {[%emt 00:01:35]} Qe7 {[%clk 00:34:05]}
{[%emt 00:03:06]} 12. O-O {[%clk 00:39:30]} {[%emt 00:01:26]} b6 {[%clk
00:32:27]} {[%emt 00:01:49]} 13. Rac1 {[%clk 00:35:15]} {[%emt 00:04:25]} Bb7
{[%clk 00:28:54]} {[%emt 00:03:43]} 14. Qc2 {[%clk 00:34:52]} {[%emt 00:00:32]}
Be4 {[%clk 00:25:46]} {[%emt 00:03:18]} 15. Qc3 {[%clk 00:34:19]} {[%emt
00:00:42]} Rfc8 {[%clk 00:24:13]} {[%emt 00:01:44]} 16. a4 {[%clk 00:32:52]}
{[%emt 00:01:36]} c5 {[%clk 00:22:01]} {[%emt 00:02:23]} 17. bxc6 {[%clk
00:32:53]} {[%emt 00:00:09]} Rxc6 {[%clk 00:22:04]} {[%emt 00:00:07]} 18. Ba3
{[%clk 00:30:07]} {[%emt 00:02:55]} Rac8 {[%clk 00:20:23]} {[%emt 00:01:52]} 19.
Nd2 {[%clk 00:27:58]} {[%emt 00:02:18]} Bf5 {[%clk 00:17:35]} {[%emt 00:02:59]}
20. Bf3 {[%clk 00:26:57]} {[%emt 00:01:11]} R6c7 {[%clk 00:16:10]} {[%emt
00:01:35]} 21. e4 {[%clk 00:23:51]} {[%emt 00:03:15]} Bg6 {[%clk 00:14:52]}
{[%emt 00:01:29]} 22. e5 {[%clk 00:22:47]} {[%emt 00:01:14]} Ne8 {[%clk
00:14:54]} {[%emt 00:00:09]} 23. Qb3 {[%clk 00:20:50]} {[%emt 00:02:06]} f6
{[%clk 00:13:35]} {[%emt 00:01:30]} 24. exd6 {[%clk 00:20:04]} {[%emt
00:00:56]} Nxd6 {[%clk 00:13:33]} {[%emt 00:00:12]} 25. Rfe1 {[%clk 00:19:15]}
{[%emt 00:00:59]} e5 {[%clk 00:09:15]} {[%emt 00:04:28]} 26. c5+ {[%clk
00:17:54]} {[%emt 00:01:30]} Bf7 {[%clk 00:06:58]} {[%emt 00:02:27]} 27. cxd6
{[%clk 00:17:18]} {[%emt 00:00:46]} Rxc1 {[%clk 00:06:42]} {[%emt 00:00:25]} 28.
Rxc1 {[%clk 00:16:17]} {[%emt 00:01:12]} Rxc1+ {[%clk 00:06:43]} {[%emt
00:00:10]} 29. Bxc1 {[%clk 00:16:22]} {[%emt 00:00:04]} Qxd6 {[%clk 00:06:44]}
{[%emt 00:00:08]} 30. d5 {[%clk 00:12:49]} {[%emt 00:03:42]} Nc5 {[%clk
00:05:59]} {[%emt 00:00:55]} 31. Qb5 {[%clk 00:12:16]} {[%emt 00:01:23]} 1-0